| 000 | 00495nam a2200169 a 4500 | ||
|---|---|---|---|
| 005 | 20210223121232.0 | ||
| 008 | 991125s1955 mx 000 0 spa u | ||
| 035 | _aUPN01000014508 | ||
| 049 | _aCG | ||
| 050 | 4 |
_aTS1576 _bD43 |
|
| 245 | 0 | 0 |
_aDescubriendo el algodón / _ced. Confederación de Asociaciones Algodoneras de la República Mexicana. |
| 260 |
_aMéxico : _bCAARM, _c1955. |
||
| 300 | _a39 p. | ||
| 650 | 4 |
_aALGODON - _xMANUFACTURA _92185 |
|
| 650 | 4 | _aFIBRAS TEXTILES | |
| 905 | _aLibro | ||
| 999 |
_c14508 _d14508 |
||